[Event "CAN-ch U12"]
[Site "Windsor"]
[Date "2010.07.06"]
[Round "1"]
[White "Pernasilici, Lorenzo"]
[Black "Song, Michael"]
[Result "0-1"]
[WhiteElo "1148"]
[BlackElo "1866"]
[PlyCount "104"]
[EventDate "2010.07.06"]
[EventType "swiss"]
[EventRounds "7"]
[EventCountry "CAN"]
[SourceTitle "EXT 2012"]
[Source "ChessBase"]
[SourceDate "2011.11.24"]
[SourceVersion "1"]
[SourceVersionDate "2011.11.24"]
[SourceQuality "1"]

1. e4 c5 2. Bc4 Nc6 3. Nc3 g6 4. Qf3 Ne5 5. Qd1 Nxc4 6. d3 Nb6 7. Qf3 Bg7 8. Nh3 d6 9. 0-0 Nf6 10. Bg5 Bg4 11. Qf4 Bxh3 12. Bxf6 Bxf6 13. Qh6 Bd7 14. Nd5 Nxd5 15. exd5 Qa5 16. c3 0-0-0 17. d4 c4 18. b4 Qxd5 19. Rae1 Bc6 20. Qh3+ Qf5 21. Qxf5+ gxf5 22. a4 Rhg8 23. g3 f4 24. Re2 fxg3 25. fxg3 h5 26. Ref2 h4 27. Rg2 Bxg2 28. Kxg2 hxg3 29. hxg3 Bh4 30. Rf3 Rxg3+ 31. Rxg3 Bxg3 32. Kxg3 e5 33. dxe5 dxe5 34. Kf3 f5 35. a5 Rd3+ 36. Ke2 f4 37. b5 f3+ 38. Kf2 e4 39. b6 axb6 40. axb6 Rd2+ 41. Ke3 Re2+ 42. Kf4 f2 43. Ke5 f1Q 44. Kd5 Qf5+ 45. Kxc4 Rd2 46. Kb4 Qd5 47. Ka3 Ra2+ 48. Kb4 Qa5+ 49. Kc4 Ra4+ 50. Kb3 Qb5+ 51. Kc2 Ra2+ 52. Kd1 Qf1# 0-1

[Event "CAN-ch U12"]
[Site "Windsor"]
[Date "2010.07.06"]
[Round "2"]
[White "Tismenko, Dennis"]
[Black "Pernasilici, Lorenzo"]
[Result "1-0"]
[WhiteElo "1301"]
[BlackElo "1148"]
[PlyCount "67"]
[EventDate "2010.07.06"]
[EventType "swiss"]
[EventRounds "7"]
[EventCountry "CAN"]
[SourceTitle "EXT 2012"]
[Source "ChessBase"]
[SourceDate "2011.11.24"]
[SourceVersion "1"]
[SourceVersionDate "2011.11.24"]
[SourceQuality "1"]

1. e4 e5 2. Nf3 Nc6 3. Nc3 Bc5 4. Nxe5 Nxe5 5. d4 Bd6 6. dxe5 Bxe5 7. Bc4 Nh6 8. Bxh6 gxh6 9. Qh5 Qf6 10. Bxf7+ Qxf7 11. Qxe5+ Qe7 12. Qxh8+ Qf8 13. Qxf8+ Kxf8 14. 0-0-0 d6 15. Nd5 Bg4 16. f3 Be6 17. Nxc7 Rb8 18. Nxe6+ Ke7 19. Nf4 b5 20. b4 Rc8 21. Rd5 a6 22. Rhd1 Rd8 23. e5 Rf8 24. exd6+ Kd7 25. g3 h5 26. Nd3 Kc6 27. Ne5+ Kb7 28. d7 Rd8 29. Nf7 Rf8 30. d8Q Rxd8 31. Rxd8 Kc7 32. R8d7+ Kc8 33. Re7 a5 34. Rd8# 1-0